Vystopuje nebezpečné produkty

Európska únia vytvorila smernice pre kategórie výrobkov, ktoré musia mať označenie CE - obsahuje základné požiadavky na bezpečnosť, ochranu zdravia, spotrebiteľa a životného prostredia. Výrobok, ktorý má označenie CE vyhovuje právnym predpisom EÚ, čo je pre spotrebiteľa ktorejkoľvek krajiny EÚ záruk...

Ausführliche Beschreibung

Gespeichert in:
Bibliographische Detailangaben
1. Verfasser: Vojtková, Viera
Format: Buchkapitel
Sprache:Slowakisch
Schlagworte:
Tags: Tag hinzufügen
Keine Tags, Fügen Sie das erste Tag hinzu!

MARC

LEADER 00000naa$a2200000$$$4500
001 0115597
005 20231109065926.3
041 0 |a slo 
044 |a SK 
245 1 0 |a Vystopuje nebezpečné produkty  |c Viera Vojtková 
520 |a Európska únia vytvorila smernice pre kategórie výrobkov, ktoré musia mať označenie CE - obsahuje základné požiadavky na bezpečnosť, ochranu zdravia, spotrebiteľa a životného prostredia. Výrobok, ktorý má označenie CE vyhovuje právnym predpisom EÚ, čo je pre spotrebiteľa ktorejkoľvek krajiny EÚ zárukou kvality a bezpečnosti. Testovacie postupy. Kontrolná činnosť. 
610 2 0 |a bezpečnosť výrobkov 
610 2 0 |a kvalita výrobkov 
610 2 0 |a pohyb tovaru 
610 2 0 |a ochrana prostredia životného 
610 2 0 |a ochrana spotrebiteľa 
610 2 0 |a ochrana zdravia 
610 2 0 |a kontrola 
610 2 0 |a smernice 
610 2 0 |a Európska únia 
100 1 |a Vojtková, Viera